00643nam a22002057a 450000500170000001000130001702000220003003500130005203700160006504000120008108200150009310000210010824500680012926000390019727000700023630000240030650000230033065000440035365000400039720170124105943.0 aB-021778 c00.00a8170392411 aB-021778 bCen Lib/Ret aDPLbEN a327.1bDAM aDamodaran, A. K. aBeyond autonomy :cby A. K. DamodaranbIndia's foreign policy / aMumbaibSomaiya Publicationsc2000 bMumbaia172, Mumbai Marathi Granthsangrahalaya Mrg, Dadare400014 axv, 246p.c21cm(Hb) aIncludes appendix  aIndia -- Foreign relations -- 1947-1984 aIndia -- Foreign relations -- 1984-